Musíme svet presvedčiť Hlavným problémom sú zahraničné investície

Transformácia ekonomiky.Nedostatok prílevu zahraničného kapitálu a priamych zahraničných investícií na Slovensko. Odporúčanie agentúry FIAS pre zlepšenie prílevu zahraničného kapitálu.

Salvato in:
Dettagli Bibliografici
Autore principale: Bartl, Jaroslav
Natura: Capitolo di libro
Lingua:slovacco
Soggetti:
Tags: Aggiungi Tag
Nessun Tag, puoi essere il primo ad aggiungerne!!

MARC

LEADER 00000naa a2200000 4500
001 r015206
005 20221213113437.9
041 0 |a slo 
044 |a SK 
245 1 0 |a Musíme svet presvedčiť  |b Hlavným problémom sú zahraničné investície  |c Jaroslav Bartl 
520 |a Transformácia ekonomiky.Nedostatok prílevu zahraničného kapitálu a priamych zahraničných investícií na Slovensko. Odporúčanie agentúry FIAS pre zlepšenie prílevu zahraničného kapitálu. 
610 2 0 |a transformácia 
610 2 0 |a rozvoj hospodársky 
610 2 0 |a kapitál zahraničný 
610 2 0 |a investície zo zahraničia 
610 2 0 |a investori 
610 2 0 |a Slovensko 
100 1 |a Bartl, Jaroslav